000
00310nam a2200145Ia 4500
100
_a
Gottfried/B.S
942
_c
BK
654
_a
Fortran
245
_a
Programming with Fortran IV
260
_b
Quantum Publishers
_a
Newyork
_c
1972
082
_a
1.6
_b
GOT
300
_a
272
546
_a
ENGLISH
999
_c
35668
_d
35668